000 00339nam a2200133Ia 4500
008 151021s9999 xx 000 0 und d
020 _a671640763
050 _aPS 3568 .I8315V5 1984
245 _a_Virgins Caryl Rivers
260 _aNew York Pocket 1984
300 _a275p.
650 _a_Novel
980 _a^d20130211 09:51:46^oanne
999 _c12853
_d12853